LEADER 01082nam a2200277 i 4500 001 000000332037 003 CaOOAMICUS 005 20210805101042.0 008 190114s2017 it u000 u ita u 013 $a206217 020 $a978-88-06-22994-8 040 $aSeMil$bita 100 1 $aEllis, Bret Easton,$d<1964- >.$0(OLS)http://semarc/name/108858 240 10$aLess than zero.$0(OLS)http://semarc/title/420735 245 10$aMeno di zero /$cBret Easton Ellis ; traduzione di Marisa Caramella. 260 $aTorino :$bGiulio Einaudi,$c2017. 300 $a185 p. ;$c20 cm. 490 0 $aET Scrittori 700 1 $aCaramella, Marisa.$0(OLS)http://semarc/name/108859 830 0$aET.$0(OLS)http://semarc/title/28189 850 $aSeMil 852 $aSeMil$W1$xVenegono$y1$m1V V 270$j210876$B224621$CSeMilBibl$Z2$F224621 $81 996 $6020$a978-88-06-22994-8$9(OLS)http://semarc/number/286195 996 $6245$aMeno di zero$9(OLS)http://semarc/title/420734 996 $6260$aTorino :$bGiulio Einaudi$9(OLS)http://semarc/publisher/29810